Cosas del lenguaje : etimologia, lexicografia, semantica /
Guardado en:
| Autor Principal: | |
|---|---|
| Formato: | Libro |
| Publicado: |
Madrid :
Austral / Espasa-calpe,
1961
|
| Materias: | |
| Etiquetas: |
Agregar Etiqueta
Sin Etiquetas, Sea el primero en etiquetar este registro!
|
| LEADER | 00589nam a22002055a 4500 | ||
|---|---|---|---|
| 001 | EHU.bham024093 | ||
| 003 | AR-BHAM | ||
| 005 | 20061130163403.0 | ||
| 008 | 130507s1961##################000#0#####d | ||
| 082 | 4 | 1 | |a 412 |
| 100 | 1 | |a Casares, Julio | |
| 245 | 1 | 0 | |a Cosas del lenguaje : |b etimologia, lexicografia, semantica / |c Julio Casares |
| 260 | |a Madrid : |b Austral / Espasa-calpe, |c 1961 | ||
| 300 | |a 236 p. | ||
| 653 | |a Linguistica | ||
| 653 | |a Lenguaje | ||
| 653 | |a Etimologia | ||
| 653 | |a Lexicografias | ||
| 653 | |a Semantica | ||
| 859 | |a AR-BHAM |b BIB. HUMANIDADES - General |h 412 |i C263 |p 787.93 |t Ej.1 | ||
